The mughal state 1526-1750 / (Record no. 129911)

MARC details
000 -LEADER
fixed length control field 00965nam a22002897a 4500
003 - CONTROL NUMBER IDENTIFIER
control field dpl
005 - DATE AND TIME OF LATEST TRANSACTION
control field 20180522163940.0
008 - FIXED-LENGTH DATA ELEMENTS--GENERAL INFORMATION
fixed length control field 180522b xxu||||| |||| 00| 0 eng d
010 ## - LIBRARY OF CONGRESS CONTROL NUMBER
LC control number B-011497, B-011501
020 ## - INTERNATIONAL STANDARD BOOK NUMBER
International Standard Book Number 0195652258
Terms of availability 00.00
035 ## - SYSTEM CONTROL NUMBER
System control number B-011497
037 ## - SOURCE OF ACQUISITION
Source of stock number/acquisition Cen Lib/Ret
040 ## - CATALOGING SOURCE
Original cataloging agency DPL
Language of cataloging EN
Transcribing agency 0
082 ## - DEWEY DECIMAL CLASSIFICATION NUMBER
Classification number 954.022
Edition number MUG
245 ## - TITLE STATEMENT
Title The mughal state 1526-1750 /
Statement of responsibility, etc edited by Muzaffar Aalam [and] Sanjay Subrahmanyam
260 ## - PUBLICATION, DISTRIBUTION, ETC. (IMPRINT)
Place of publication, distribution, etc New Delhi
Name of publisher, distributor, etc Oxford University Press
Date of publication, distribution, etc 2000
270 ## - ADDRESS
Address YMCA Library Building Jai Singh Road
City New Delhi
Postal code 110001
300 ## - PHYSICAL DESCRIPTION
Extent 536p.
Dimensions 19cm(Hb)
500 ## - GENERAL NOTE
General note Includes bibliographical reference
650 ## - SUBJECT ADDED ENTRY--TOPICAL TERM
Topical term or geographic name as entry element Indian History
9 (RLIN) 111604
650 ## - SUBJECT ADDED ENTRY--TOPICAL TERM
Topical term or geographic name as entry element India--Mogul Empire
9 (RLIN) 9458
650 ## - SUBJECT ADDED ENTRY--TOPICAL TERM
Topical term or geographic name as entry element Modern Science
9 (RLIN) 111605
650 ## - SUBJECT ADDED ENTRY--TOPICAL TERM
Topical term or geographic name as entry element Modern Science-Electronic Product
9 (RLIN) 111606
700 ## - ADDED ENTRY--PERSONAL NAME
Personal name Aalam, Muzaffar
9 (RLIN) 27754
700 ## - ADDED ENTRY--PERSONAL NAME
Personal name Subrahmanyam, Sanjay
9 (RLIN) 3238
942 ## - ADDED ENTRY ELEMENTS (KOHA)
Source of classification or shelving scheme Dewey Decimal Classification
Koha item type English Books
Classification part 954.022
Call number suffix MUG
Holdings
Withdrawn status Lost status Damaged status Not for loan Home library Current library Date acquired Source of acquisition Cost, normal purchase price Total Checkouts Full call number Barcode Date last seen Copy number Cost, replacement price Price effective from Koha item type Public note Source of classification or shelving scheme Collection code Total Renewals Date checked out
Written off       Central Library Central Library 08/07/2015 Cen Lib/Ret 0.00   954.022 MUG B-011497 08/07/2015 1 0.00 15/09/2016 English Books W/d List 8139/15; dtd 22/2/17        
        Shahdara Branch Shahdara Branch 22/05/2018 BPPD/PUB 0.00 4 954.022 MUG B-011501 20/11/2024   0.00 22/05/2018 English Books   Dewey Decimal Classification Non-fiction 6 11/10/2024

© Delhi Public Library
Hit Counter
free hit counter